The spirit of C : an introduction to modern programming (Record no. 185103)
[ view plain ]
| 000 -LEADER | |
|---|---|
| fixed length control field | 00445nam a2200157Ia 4500 |
| 008 - FIXED-LENGTH DATA ELEMENTS--GENERAL INFORMATION | |
| fixed length control field | 231217s9999 xx 000 0 und d |
| 020 ## - INTERNATIONAL STANDARD BOOK NUMBER | |
| International Standard Book Number | 81-7224-040-6 |
| 041 ## - LANGUAGE CODE | |
| Language code of text/sound track or separate title | English |
| 082 ## - DEWEY DECIMAL CLASSIFICATION NUMBER | |
| Classification number | 001.6424C MUL;5 |
| 100 ## - MAIN ENTRY--PERSONAL NAME | |
| Personal name | Mullish, Henry. Cooper, Herbert L. |
| 245 #4 - TITLE STATEMENT | |
| Title | The spirit of C : an introduction to modern programming |
| 260 ## - PUBLICATION, DISTRIBUTION, ETC. | |
| Date of publication, distribution, etc. | 1996 |
| Name of publisher, distributor, etc. | Jaico, |
| Place of publication, distribution, etc. | Bombay |
| 300 ## - PHYSICAL DESCRIPTION | |
| Extent | xiv, 527+Aii-11 |
| 650 ## - SUBJECT ADDED ENTRY--TOPICAL TERM | |
| Topical term or geographic name entry element | spirit,C,programming |
| 942 ## - ADDED ENTRY ELEMENTS (KOHA) | |
| Koha item type | Books |
| Date last seen | Total checkouts | Full call number | Accession number | Price effective from | Category | Lost status | Damaged status | Department | Withdrawn status | Home library | Current library | Shelving location | Entry date | Grants | Billdate | Currency symbol | Conversion rate | Discount | Old discount |
|---|---|---|---|---|---|---|---|---|---|---|---|---|---|---|---|---|---|---|---|
| 26/01/2024 | 001.6424C MUL;5 | 58504 | 26/01/2024 | Books | Central Library | Central Library | Central Library | Central Library | 05/03/2010 | DONATED | 15/02/2014 | RS | 1 |
